| 000 | 00691nac a22001931u 4500 | ||
|---|---|---|---|
| 010 | _a87019137 | ||
| 020 | _a8123908830 | ||
| 082 | 0 | 0 |
_a620.3 _bT4821 |
| 090 |
_c1406 _d1406 |
||
| 100 | _aThomson, William Tyrre | ||
| 245 | 1 | 0 |
_aTheory of vibration with applications / _cWilliam T. Thomson. |
| 250 | _a3rd ed. | ||
| 260 |
_aNew Delhi : _bCBS Publishers and Distributors, _c1990 |
||
| 300 |
_ax, 467 p. : _bill. ; _c24 cm. |
||
| 504 | _aIncludes bibliographies and index. | ||
| 650 | 0 | _aVibration. | |
| 942 |
_cBB _k620.3T4821 |
||
| 999 |
_c1406 _d1406 |
||